Decline of Medieval Hellenism in Asia Minor and the Process of Islamization (Record no. 5595)

MARC details
000 -LEADER
fixed length control field 00644nam a2200241 a 4500
020 ## - INTERNATIONAL STANDARD BOOK NUMBER
ISBN
082 00 - DEWEY DECIMAL CLASSIFICATION NUMBER
Classification number 297.09561
Author Cutter VRY
100 ## - MAIN ENTRY--AUTHOR NAME
Author name Vryonis, Speros Jr
245 ## - TITLE STATEMENT
Title Decline of Medieval Hellenism in Asia Minor and the Process of Islamization
260 ## - PUBLICATION, DISTRIBUTION, ETC. (IMPRINT)
Place of publication London
Name of publisher University of California
Year of publication 1971
300 ## - PHYSICAL DESCRIPTION
Number of Pages 501p.
500 ## - GENERAL NOTE
General note includes index and biblioraphy
505 2# - FORMATTED CONTENTS NOTE
Formatted contents note Index
650 ## - SUBJECT ADDED ENTRY--TOPICAL TERM
Topical Term Islam-History-Anatolia
942 ## - ADDED ENTRY ELEMENTS (KOHA)
Koha item type Books
700 1# -
-- Vryonis, Speros Jr
Holdings
Collection code Home library Current library Date acquired Cost, normal purchase price Full call number Accession Number Koha item type
  Henry Martyn Institute Library Henry Martyn Institute Library 07/26/2007 15.00 297.09561 VRY 07490 Books
                   Copyright © 2026 | Henry Martyn Institute | Hyderabad | TS-500052 | INDIA | Implemented by hmi.edu.in
Hit-Count:

Powered by Koha